000 00751cam a22002533a 4500
001 9445
003 PGUSA
005 20140828083212.0
008 040810s2004||||xxu|||||s|||||000 | eng d
040 _aPGUSA
_beng
042 _adc
050 4 _aPS
100 1 _aHolley, Marietta,
_d1836-1926
245 1 0 _aSamantha among the Brethren — Volume 3
_h[electronic resource] /
_cMarietta Holley
260 _bProject Gutenberg,
_c2004
506 _aPublic domain in the USA.
516 _aElectronic text
653 _aWomen in church work -- Methodist church -- Humor
653 _aMethodism -- Humor
653 _aWomen's rights -- Humor
830 0 _aProject Gutenberg
_v9445
856 4 0 _uhttp://www.gutenberg.org/ebooks/9445
942 _cEB
999 _c238701
_d238701